00416nam a2200193Ia 4500003000900000008004100009040001300050040001300063041000800076100001900084245002400103250000900127260002100136260000900157300001100166300001000177490002700187490000800214IT-RoPAU120407s9999 xx 000 0 und d aIT-RoPAU cIT-RoPAU aita aSilverio Zedda aLettera agli Ebrei. aRoma aEdizioni Paoline c1967 a116 p. c18 cm aNuovissima versione... v143